| 000 | 00695nam a2200229 a 4500 | ||
|---|---|---|---|
| 001 | 42646 | ||
| 003 | BD-RjUL | ||
| 005 | 20211209053554.0 | ||
| 008 | 160901m19661960enka b 001 0 eng d | ||
| 035 | _a(BD-RjUL)42764 | ||
| 040 |
_aNYP _cNYP _dOCLCA _dBD-RjUL _beng |
||
| 041 | _aeng | ||
| 082 |
_223 _a338.9 _bROS 1966 |
||
| 100 | 1 |
_aRostow, W. W. _9129741 |
|
| 245 | 1 | 4 |
_aThe stages of economic growth : _ba non-Communist manifesto / _cby W. W. Rostow. |
| 260 |
_aCambridge : _bCambridge University Press, _c1960-1966 |
||
| 300 |
_ax, 179 p. : _bill ; _c21 cm. |
||
| 500 | _aIncludes index. | ||
| 650 | 0 |
_aEconomic development. _9131095 |
|
| 650 | 0 |
_aEconomic policy. _9131096 |
|
| 942 |
_2ddc _cBK |
||
| 999 |
_c42646 _d42646 |
||